000 00700nam a22001697a 4500
999 _c61184
_d61184
005 20231228131007.0
008 231228s1989 ru ||||| |||| 00| 0 rus d
041 _arus
080 _a94()137+904(37) И-90
245 _aИсторики Античности :
_bВ Двух Томах. Древний Рим. Т.2 /
_cСоставитель: М. Томашевская.
264 _aМ.:
_bПравда,
_c1989.
300 _a640 с. ;
_b21 см.
653 _aანტიკური ხანის ისტორიკოსები
653 _aძველი რომი
700 _aТомашевская, М.
_eშემდგენელი
_920923
942 _2udc
_cᲬᲘᲒᲜᲘ